000 004070000a22001690004500
003 MACL
005 20151230131243.0
008 151230b xxu||||| |||| 00| 0 eng d
040 _aMACL
_cMACL
041 _aEnglish
082 _a320/WOO
100 _aWoolacott, J E
_924836
245 _aIndia on Trial
260 _bMachmillan & co
_c1929
650 _aPolitical Science
_988
942 _cBK
_k320/Woo
_2ddc
999 _c36487
_d36487